000 00835nam a22002177a 4500
999 _c10251
_d10251
003 AR-CdUCM
008 190329b ||||| |||| 00| 0 spa d
040 _aMUNICIPALIDAD PROVINCIAL DEL CUSCO
_cBIBLIOTECA MUNICIPAL DEL CUSCO
082 _a869.55 /
_bC55 / 1939
110 _aGobierno del Perú
_926995
245 _aObras completas de Luis Benjamín Cisneros /
260 _aLima :
_bGil,
_c1939.
300 _a3 tomos ;
_c21 cm.
500 _aTomo 3: Politica - finanzas obr,as publicas - instrucción.
505 _aContenido : Ensayo sobre varias cuestiones economicas del peru - 1866 -- Memoria sobre ferro-carriles 1868 -- El negocio Dreyfus 1870 -- ¿Que no hay remedio? 1874 ...
650 _aObras públicas
_98691
650 _aPolítica
_9291
650 _aFinanzas
_94496
942 _2ddc
_cLIBROS
945 _arah